Late Quaternary Paleoecology of the Parque Nacional Natural los Nevados (Coordillera Central), and Sumapaz (Coordillera Oriental) areas, Colombia (Registro nro. 8283)

Detalles MARC
000 -CABECERA
Campo de control 00777nam a22001937a 4500
005 - FECHA Y HORA DE LA ULTIMA TRANSACCION
Campo de control 20160405020002.0
008 - ELEMENTOS DE LONGITUD FIJA—INFORMACION GENERAL
Campo de control 140312b1985 xxu||||| |||| 00| 0 spa d
041 ## - IDIOMA
Código de idioma para texto/pista de sonido o título separado Inglés
082 ## - NUMERO DE CLASIFICACION DECIMAL DEWEY
Número de clasificación 551.7
Número del ítem Q11q
100 1# - ASIENTO PRINCIPAL--NOMBRE PERSONAL
Nombre personal Melief, Adelbertus
Fechas asociadas con el nombre 1951-
245 10 - MENCION DE TITULO
Título Late Quaternary Paleoecology of the Parque Nacional Natural los Nevados (Coordillera Central), and Sumapaz (Coordillera Oriental) areas, Colombia
Mención de responsabilidad Adelbertus Melief
260 ## - PUBLICACION, DISTRIBUCION, ETC. (PIE DE IMPRENTA)
Lugar de publicación, distribución, etc. [?]
Nombre del editor, distribuidor, etc. Dutch Foundation for the Advancement of Tropical Research
Fecha de publicación, distribución, etc. 1985
300 ## - DESCRIPCION FISICA
Extensión 162 p. + 2 diagramas anexos
Otros detalles físicos il.
Dimensiones 24 cm.
500 ## - NOTA GENERAL
Nota general Incluye dos planos de diagramas CID-059973 y CID-059974
650 #0 - ASIENTO SECUNDARIO DE MATERIA - TERMINO TEMATICO
Término temático o nombre geográfico como elemento de entrada Paleoecology
Subdivisión cronológica Quaternary
650 #0 - ASIENTO SECUNDARIO DE MATERIA - TERMINO TEMATICO
Término temático o nombre geográfico como elemento de entrada Paleoecology
651 ## - ASIENTO SECUNDARIO DE MATERIA - NOMBRE GEOGRAFICO
Subdivisión geográfica Colombia
942 ## - ELEMENTOS ADICIONALES (KOHA)
Sistema de clasificación Dewey Decimal Classification
Tipo de ítem Impreso
Koha issues (borrowed), all copies 1
Existencias
Withdrawn status Lost status Sistema de Clasificación Damaged status No para préstamo Colección Inventariado Ubicación Permanente Ubicación actual Fecha de adquisición Fuente de Valor Valor Total Checkouts Número topográfico Inventario / Código de Barras Date last seen Date checked out Ejemplar Price effective from Forma de adquisición Tipo de material
    Dewey Decimal Classification     General Inventariado 2017 Bogotá Bogotá 12/03/2014 Instituto 50000.00 2 LB-551.7 Q11q 059975 02/05/2018 17/04/2018 Ej. 1 12/03/2014   Libro